| 000 | 00709nam a2200229Ia 4500 | ||
|---|---|---|---|
| 003 | OSt | ||
| 005 | 20230511090045.0 | ||
| 008 | 210423s2012 xx 000 0 und d | ||
| 020 | _a978-0-12-385083-6 | ||
| 040 | _cAL | ||
| 041 | _aeng | ||
| 082 | _a615.5 BAGN | ||
| 100 |
_aBAGCHI ( Debasis);SREEJAYAN ( Nair) _9102061 |
||
| 245 | _aNutritional and therapeutic interventions for diabities and metabolic syndrome | ||
| 260 |
_aLondon _bAcademic Press _c2012 |
||
| 300 |
_axvi,523p _bHB |
||
| 365 |
_b10697.7 _cUSD |
||
| 650 |
_aMedical Sciences _9102062 |
||
| 650 |
_aPharmacology _9102063 |
||
| 906 | _adiabities ; interventions ; metabolic ; Nutritional ; syndrome ; therapeutic | ||
| 942 |
_2ddc _cBK |
||
| 999 |
_c165767 _d165767 |
||